MARC details
| 000 -LEADER |
| fixed length control field |
01868cam a22004457a 4500 |
| 001 - CONTROL NUMBER |
| control field |
15166147 |
| 005 - DATE AND TIME OF LATEST TRANSACTION |
| control field |
20201128020719.0 |
| 008 - FIXED-LENGTH DATA ELEMENTS--GENERAL INFORMATION |
| fixed length control field |
080204s2008 gw a b 101 0 eng d |
| 010 ## - LIBRARY OF CONGRESS CONTROL NUMBER |
| LC control number |
2008922315 |
| 016 7# - NATIONAL BIBLIOGRAPHIC AGENCY CONTROL NUMBER |
| Record control number |
987616684 |
| Source |
GyFmDB |
| 020 ## - INTERNATIONAL STANDARD BOOK NUMBER |
| International Standard Book Number |
9783540786511 (pbk.) |
| 020 ## - INTERNATIONAL STANDARD BOOK NUMBER |
| International Standard Book Number |
3540786511 (pbk.) |
| 035 ## - SYSTEM CONTROL NUMBER |
| System control number |
(OCoLC)ocn216924258 |
| 040 ## - CATALOGING SOURCE |
| Original cataloging agency |
OHX |
| Transcribing agency |
OHX |
| Modifying agency |
C$Q |
| -- |
YDXCP |
| -- |
CUY |
| -- |
DLC |
| 042 ## - AUTHENTICATION CODE |
| Authentication code |
lccopycat |
| 050 00 - LIBRARY OF CONGRESS CALL NUMBER |
| Classification number |
QA76.63 |
| Item number |
.P69 2008 |
| 072 #7 - SUBJECT CATEGORY CODE |
| Subject category code |
QA |
| Source |
lcco |
| 082 ## - DEWEY DECIMAL CLASSIFICATION NUMBER |
| Classification number |
005.115 |
| Item number |
RAE |
| 245 00 - TITLE STATEMENT |
| Title |
Probabilistic inductive logic programming : |
| Remainder of title |
theory and applications / |
| Statement of responsibility, etc |
Luc De Raedt ... [et al.] (eds.). |
| 260 ## - PUBLICATION, DISTRIBUTION, ETC. (IMPRINT) |
| Place of publication, distribution, etc |
Berlin ; |
| -- |
New York : |
| Name of publisher, distributor, etc |
Springer, |
| Date of publication, distribution, etc |
2008. |
| 300 ## - PHYSICAL DESCRIPTION |
| Extent |
viii, 339 p. : |
| Other physical details |
ill. ; |
| Dimensions |
24 cm. |
| 440 #0 - |
| -- |
LNCS sublibrary. |
| -- |
SL 7, |
| -- |
Artificial intelligence |
| -- |
2920 |
| 490 1# - Series Statement |
| Series statement |
Lecture notes in computer science, |
| International Standard Serial Number |
0302-9743 ; |
| Volume/sequential designation |
4911. |
| Series statement |
Lecture notes in artificial intelligence. |
| 490 1# - Series Statement |
| Series statement |
State-of-the-art survey. |
| 500 ## - GENERAL NOTE |
| General note |
Research report. |
| 504 ## - BIBLIOGRAPHY, ETC. NOTE |
| Bibliography, etc |
Includes bibliographical references and index. |
| 530 ## - ADDITIONAL PHYSICAL FORM AVAILABLE NOTE |
| Additional physical form available note |
Also issued online. |
| 650 #0 - SUBJECT ADDED ENTRY--TOPICAL TERM |
| Topical term or geographic name as entry element |
Logic programming. |
| 9 (RLIN) |
2921 |
| 650 #0 - SUBJECT ADDED ENTRY--TOPICAL TERM |
| Topical term or geographic name as entry element |
Machine learning. |
| 9 (RLIN) |
2922 |
| 650 #0 - SUBJECT ADDED ENTRY--TOPICAL TERM |
| Topical term or geographic name as entry element |
Stochastic processes. |
| 9 (RLIN) |
2923 |
| 700 1# - ADDED ENTRY--PERSONAL NAME |
| Personal name |
Raedt, Luc de, |
| Dates associated with a name |
1964- |
| 9 (RLIN) |
2924 |
| 830 #0 - SERIES ADDED ENTRY--UNIFORM TITLE |
| Uniform title |
Lecture notes in computer science ; |
| Volume number/sequential designation |
4911. |
| 9 (RLIN) |
2925 |
| 830 #0 - SERIES ADDED ENTRY--UNIFORM TITLE |
| Uniform title |
Lecture notes in computer science. |
| Name of part/section of a work |
Lecture notes in artificial intelligence. |
| 9 (RLIN) |
2926 |
| 830 #0 - SERIES ADDED ENTRY--UNIFORM TITLE |
| Uniform title |
Lecture notes in computer science. |
| Name of part/section of a work |
State-of-the-art survey. |
| 9 (RLIN) |
2927 |
| 856 41 - ELECTRONIC LOCATION AND ACCESS |
| Uniform Resource Identifier |
<a href="http://www.springerlink.com/openurl.asp?genre=issue&issn=0302-9743&volume=4911">http://www.springerlink.com/openurl.asp?genre=issue&issn=0302-9743&volume=4911</a> |
| Public note |
Restricted to SpringerLink subscribers |
| 856 42 - ELECTRONIC LOCATION AND ACCESS |
| Materials specified |
Publisher description |
| Uniform Resource Identifier |
<a href="http://www.loc.gov/catdir/enhancements/fy0826/2008922315-d.html">http://www.loc.gov/catdir/enhancements/fy0826/2008922315-d.html</a> |
| 942 ## - ADDED ENTRY ELEMENTS (KOHA) |
| Source of classification or shelving scheme |
Dewey Decimal Classification |
| Item type |
Book - Borrowing |